What's the Largest city in UK county? - Statistics

General Stats
  • This quiz has been taken 172 times
  • The average score is 4 of 8
Answer Stats
Question Answer % Correct
Tyne & Wear Newcastle Upon Tyne
100%
Suffolk Ipswich
94%
West Yorkshire Leeds
88%
Shropshire Shrewsbury
50%
Devon Plymouth
44%
North Yorkshire York
38%
Cornwall Redruth
6%
Kent Gillingham
0%
No matching quizzes found
Score Distribution
Percent of People with Each Score
Percentile by Number Answered
Your Score History
You have not taken this quiz